| 000 | 02152cam a22002294a 4500 | ||
|---|---|---|---|
| 005 | 20250605164227.0 | ||
| 008 | 250528s ||||||||||||||||||||||||d | ||
| 035 | _a20903 | ||
| 020 | _a9789609973601 | ||
| 040 |
_aGR-AtMCL _bgre _dGR-AtMCL _eAACR2 |
||
| 245 | 1 | _aΠατώντας σε δύο Αιώνες / Between two Centuries | |
| 250 | _a1η | ||
| 260 |
_bWorldwide Editions _bΠαγκόσμιες Εκδόσεις Ελληνισμού, _c2011 |
||
| 300 | _a272 | ||
| 520 | _aΠαυλίδης, Ξενοδοχείο Μεγάλη Βρετάννια, Εθνική Ασφαλιστική, Κηροπλαστείο Σκιαδάς, Βαράγκης Α.Β.Ε.Π.Ε., Αντώνης Βουράκης Ε.Π.Ε., Σπύρος Κιτάντης Άνθη, Καφεκοπτείο Μισεγιάννη, Εταιρεία Παπαποστόλου, Αφοί Γ. Κούρη Α.Ε.Β.Ε., Τσιμετζόγλου Ε.Ε.Β.Ε., Λουκουμάδες Αιγαίον, Οίκος Σαρίδη, Γιώτης Α.Ε., Regina, Χ. Βερέμης-Ότις Α.Β.Ε.Τ.Ε., Εργόχειρο 31 Ε.Π.Ε, Ηλίας Λαλαούνης - Έργο Ζωής, ΟΤΕ, ΔΕΗ, Κωτσόβολος Α. Ε., Όμιλος Fourlis, Bic Βιολέξ, Όμιλος Κολιός Α.Β.Ε.Ε. Όμιλος Καλλιμάνη, Έλαστρον Α.Ε.Β.Ε. Χαλυβουργικά Προϊόντα, Πυραμίς Α.Ε., Εκπαιδευτικός Όμιλος Νίκος Αμάραντος, Ευάγγελος Ρήγας Α.Β.Ε.Τ.Ε., Όμιλος Heinami, Αθηναϊκή Ζυθοποίια Α.Ε., Αφοί Μάστορα Λυχνοστάτης, Medi Πρίνου, Stamper Α.Ε., Οίκος Καίσαρης, Σάντρα Α.Ε., Ι. Δελούδης Α.Ε., Δ. Μασούτης Α.Ε., Apivita Α.Ε., Isomat Α.Ε., Λάκης Γαβαλάς Α.Ε., Όμιλος Εταιρειών Τσαγκαράκης, Κλέος Α.Ε., ΔΑ.ΜΟΝ Τεχνική Μάνιτας Γεώργιος. | ||
| 700 | 1 |
_aΤσαμπάς Γεώργιος _96891 |
|
| 700 | 1 |
_aΤσολάκη Αναστασία _96892 |
|
| 942 | _cBK | ||
| 999 |
_c5982 _d5982 |
||